Effective English for Business Communication Study Projects

Uložené v:
Podrobná bibliografia
Hlavný autor: Brown, Diane
Ďalší autori: Clark, Alfred T., Schooley, Shirley
Médium: Kniha
Jazyk:English
Vydavateľské údaje: Toronto Gage Publ. Ltd. 1982
Vydanie:1. ed.
Edícia:Canadian Edition
Predmet:
Tagy: Pridať tag
Žiadne tagy, Buďte prvý, kto otaguje tento záznam!

MARC

LEADER 00000nam a2200000 4500
001 c006157
005 20221220095707.8
020 |a 0-7715-0789-6 
041 0 |a eng 
044 |a CA 
245 1 0 |a Effective English for Business Communication  |b Study Projects  |c Diane Brown, Alfred T. Clark, Shirley Schooley 
250 |a 1. ed. 
264 1 |a Toronto  |b Gage Publ. Ltd.  |c 1982 
300 |a 91 s. 
490 1 |a Canadian Edition 
830 0 |a Canadian Edition 
610 2 0 |a obchod 
610 2 0 |a angličtina 
610 2 0 |a komunikácia 
610 2 0 |a korešpondencia 
100 1 |a Brown, Diane 
700 1 |a Clark, Alfred T. 
700 1 |a Schooley, Shirley